Biggest cities of European Countries-Map quiz - Statistics

General Stats
  • This quiz has been taken 36 times
  • The average score is 39 of 45
Answers on the Map
Answers color-coded by a green-red scale on the quiz's map according to % correct below.
 
Answer Stats
City % Correct
Lisbon
100%
Madrid
100%
Paris
100%
Athens
97%
Kiev
97%
London
97%
Minsk
97%
Moscow
97%
Oslo
97%
Stockholm
97%
Belgrade
94%
Brussels
94%
Budapest
94%
Copenhagen
94%
Dublin
94%
Helsinki
94%
Milan
94%
Riga
94%
Sarajevo
94%
Skopje
94%
Sofia
94%
Vatican City
94%
Warsaw
94%
Zagreb
94%
Zurich
94%
Bratislava
91%
Bucharest
91%
Ljubljana
91%
Prague
91%
Reykjavik
91%
Rotterdam
91%
Tallinn
91%
Vienna
91%
Vilnius
91%
Andorra la Vella
88%
Chisśinau
88%
Luxembourg
88%
Podgorica
88%
Pristine
88%
Saint Paul Bay-Valletta
79%
Ruhr-Salzburg
68%
Monte Carlo
53%
Durrës
38%
Serravalle-Tower Marino
26%
Schann
9%
No matching quizzes found
Score Distribution
Percent of People with Each Score
Percentile by Number Answered
Your Score History
You have not taken this quiz